Logo BPK

Biblioteka

Politechniki Koszalińskiej

Technische gebaudeausrustung / (Rekord nr 26164)

Szczegóły MARC
000 -ETYKIETA REKORDU
podpole kontrolne o stałej długości 00496nam a2200181 i 4500
001 - NUMER KONTROLNY REKORDU
pole kontrolne bg
040 ## - ŹRÓDŁO KATALOGOWANIA
Instytucja, która utworzyła rekord BPK
041 ## - KOD JĘZYKA
Kod języka tekstu pol
080 ## - UNIWERSALNA KLASYFIKACJA DZIESIĘTNA - UKD
UKD 628.1:628.3:696:697
008 - POLE O STAŁEJ DŁUGOŚCI - DANE KONTROLNE
podpole kontrolne o stałej długości s pl f |000 0 pol
100 1# - NAZWA OSOBOWA
Nazwa osobowa FRITZSCHE, Justus
245 #0 - TYTUŁ/ODPOWIEDZIALNOŚĆ
Tytuł Technische gebaudeausrustung /
Pozostałe elementy strefy tytułu i oznaczenia odpowiedzialności von Justus Fritzsche.
250 ## - STREFA WYDANIA
Oznaczenie wydania 2 Aufl.
260 ## - STREFA ADRESU WYDAWNICZEGO
Miejsce wydania Berlin :
Nazwa wydawcy/dystrybutora Verl. f. Bauwesen,
Data publikacji, dystrybucji/powstania dokumentu [1967].
300 ## - STREFA OPISU FIZYCZNEGO
Objętość s. 454, nlb. 2 :
Inne cechy fizyczne rys., tab., tabl.
504 ## - UWAGA DOTYCZĄCA BIBLIOGRAFII
Informacje o bibliografii [Zawiera bibliogr. s. 455].
856 ## - LOKALIZACJA I DOSTĘP DO ELEKTRONICZNYCH DOKUMENTÓW ZDALNYCH
Link (URL) http://koha.tu.koszalin.pl/cgi-bin/koha/opac-detail.pl?biblionumber=26164
Tekst linku Katalog online BPK
942 ## - DODATKOWE ELEMENTY (KOHA)
Typ dokumentu Książka
Egzemplarze
Wycofany Status egzemplarza Uszkodzony Dostępność Lokalizacja stała Lokalizacja bieżąca Miejsce przechowywania Sygnatura Kod kreskowy Typ dokumentu
      Dostępny Biblioteka Politechniki Koszalińskiej Biblioteka Politechniki Koszalińskiej Wypożyczalnia BG 17329 01479867 Książka
© 2023 Biblioteka Politechniki Koszalińskiej :: KOHA